Women's rights and the rights of man
Uloženo v:
| Hlavní autoři: | , |
|---|---|
| Médium: | Kniha |
| Jazyk: | francouzština angličtina |
| Vydáno: |
Glasgow
Aberdeen University Press
1990
|
| Vydání: | 1a. ed |
| Edice: | Enlightenment Rights and Revolution
|
| Témata: | |
| Tagy: |
Přidat tag
Žádné tagy, Buďte první, kdo vytvoří štítek k tomuto záznamu!
|
MARC
| LEADER | 00000cam a2200000 a 4500 | ||
|---|---|---|---|
| 001 | UCD3935 | ||
| 003 | CL-VaPUC | ||
| 008 | 160623e19900000uk |||||||||||||||||fre|d | ||
| 020 | |a 0080409237 | ||
| 041 | 0 | 7 | |a fre |2 CL-VaPUC |
| 041 | 0 | 7 | |a eng |2 CL-VaPUC |
| 082 | 0 | 4 | |a 323.34 |b ARN |2 21 |
| 100 | 0 | |a Arnaud, André-Jean |e author |9 587575 | |
| 700 | 0 | |a Kingdom, Elizabeth |e author |9 587576 | |
| 245 | 1 | 0 | |a Women's rights and the rights of man |
| 250 | |a 1a. ed | ||
| 300 | |a 175 p | ||
| 942 | |c BK | ||
| 945 | |d 20160623 20:47:00 |a dcastane | ||
| 260 | |a Glasgow |b Aberdeen University Press |c 1990 | ||
| 650 | 0 | |a Mujeres |9 257649 | |
| 650 | 0 | |a Derechos civiles |9 255655 | |
| 650 | 0 | |a Derechos de las mujeres |9 568602 | |
| 583 | |a last modification |c 20160623 20:47:00 |k Rodrigo Vera | ||
| 490 | 0 | |a Enlightenment Rights and Revolution | |
| 999 | |c 364949 |d 364947 | ||
| 952 | |0 0 |1 0 |3 erb |4 0 |6 323_340000000000000_ARN_1990 |7 0 |8 A |9 478579 |a BIBDER |b BIBDER |i 5294274 |o 323.34 ARN 1990 |p 5294274 |r 2023-01-25 |w 2019-11-24 |y BK |z Catalogado en:20160623 |k DER | ||